01590nam a22001577a 4500008004100000020001500041050002000056100002300076245008400099260004100183300003300224500002000257505110600277650001401383650003501397120706t xxu||||| |||| 00| 0 eng d a0471134376 aQA76.76.O63 H19 aHanley, Richard A. aNetware migration: Methods, tools, and techniques for migrating to netware 4. / aNew York:bJohn Wiley & Sons,c1996. axviii, 542 p.:bill.;c24cm. aIncludes index. aContents: Why migrate? -- Architectural differences: How netware 3.1x and 4.x manage server memory -- New features of the 4.x file -- Netware 3's bindery and netware 4's NDS -- NDS objects -- NDS partitions and replicas -- Just passin' time: Time synchronization in netware 4 -- Security features of netware 4 -- Workstation architectures -- Administrative differences: Logging in (where am i) -- Using the netware administrator and netadmin -- Other new and dear departed utilities -- Printing in the netware 4 environment -- Partition management -- The Auditing functions of netware 4.1 -- The Conversion methodology: The Management mindset: the big picture -- Components of your migration document -- Phases of migration plan -- Planning your organization's directory tree: Developing NDS naming standards -- Migrating to the "promised LAN": Workstation modifications -- Using netsync and DS standard during your migration -- Installing netware 4.1 and using migrate -- Appendix A: NDS troubleshooting -- Appendix B: Systems turning netware 4 servers -- Appendix C: The Upcoming 32-Bit NIOS client. aNetWare.  aOperating systems (Computers)